000 00408nam a22001577a 4500
008 200317b ||||| |||| 00| 0 eng d
082 _a579 PEM
100 _aPelczar, Michael. J
245 _aMicrobiology
250 _a60th
_b2018
260 _aNew Delhi
_bMcGraw Hill Education
650 _aPharmceutical Microbiology and Biotech
700 _aChen, E.C.S
700 _aKrieg, Noel.R
942 _2ddc
_cBK
999 _c8541
_d8541